[Event "Dublin Masters"]
[Site "Dublin"]
[Date "2019.09.08"]
[Round "4"]
[White "Moran, Stephen"]
[Black "O'Donnell, Conor"]
[Result "0-1"]
[WhiteElo "2208"]
[BlackElo "2321"]
[PlyCount "102"]
[EventDate "2019.09.06"]
[EventType "swiss"]
[EventRounds "5"]
[EventCountry "IRL"]
[SourceTitle "EXT 2020"]
[Source "ChessBase"]
[SourceDate "2019.10.17"]
[SourceVersion "1"]
[SourceVersionDate "2019.10.17"]
[SourceQuality "1"]

1. d4 f5 2. g3 Nf6 3. Bg2 g6 4. Nf3 Bg7 5. 0-0 0-0 6. c4 d6 7. Nc3 c6 8. Qd3 Na6 9. a3 Qc7 10. d5 e5 11. dxe6 Nc5 12. Qc2 Bxe6 13. b3 h6 14. Bb2 a5 15. Nd4 Bf7 16. Rfd1 Rfe8 17. e3 Rad8 18. Rac1 Qb6 19. Ba1 Rd7 20. Rb1 Qc7 21. b4 axb4 22. axb4 Nce4 23. Nxe4 Nxe4 24. b5 cxb5 25. Nxb5 Qxc4 26. Bxe4 fxe4 27. Qxc4 Bxc4 28. Bxg7 Kxg7 29. Rd4 d5 30. Rdd1 Ra8 31. Rb2 Kf6 32. Nd4 b5 33. Rdb1 Rb7 34. h4 Ke5 35. Kg2 Rb6 36. g4 Rab8 37. Kg3 h5 38. f4+ exf3 39. Nxf3+ Ke4 40. Rd2 hxg4 41. Kxg4 Rf8 42. Re1 Rxf3 43. Rd4+ Ke5 44. Kxf3 b4 45. Rd2 b3 46. Rg1 Rf6+ 47. Kg4 Ke4 48. Rg3 Bd3 49. Rb2 Bc2 50. Kg5 Ra6 51. Rg2 Kd3 0-1

[Event "IRL-ch"]
[Site "Dublin"]
[Date "2019.08.06"]
[Round "4"]
[White "Moran, Stephen"]
[Black "Murphy, Conor"]
[Result "1-0"]
[WhiteElo "2186"]
[BlackElo "2315"]
[PlyCount "147"]
[EventDate "2019.08.03"]
[EventType "swiss"]
[EventRounds "9"]
[EventCountry "IRL"]
[SourceTitle "CBM 191 Extra"]
[Source "ChessBase"]
[SourceDate "2019.09.30"]
[SourceVersion "1"]
[SourceVersionDate "2019.09.30"]
[SourceQuality "1"]

1. d4 Nf6 2. Bg5 d5 3. Bxf6 gxf6 4. e3 c5 5. dxc5 Nc6 6. Nd2 e6 7. Ngf3 Bxc5 8. Be2 Rg8 9. 0-0 e5 10. Kh1 f5 11. Bb5 e4 12. Ne5 Qb6 13. c4 Bd6 14. Nxc6 bxc6 15. Ba4 Ke7 16. Rc1 Ba6 17. Bb3 Rg6 18. Qh5 Rag8 19. Rg1 Qa5 20. Rcd1 d4 21. Nxe4 Bxh2 22. Qxh2 fxe4 23. Rxd4 Qf5 24. Qh4+ Kf8 25. Rd8+ Kg7 26. Rxg8+ Kxg8 27. Rf1 Kg7 28. Kg1 c5 29. Bc2 Qf3 30. Bxe4 Rxg2+ 31. Kh1 Rg4+ 32. Bxf3 Rxh4+ 33. Kg2 Rxc4 34. Be2 Ra4 35. Bxa6 Rxa6 36. a3 c4 37. Rc1 Rc6 38. f4 Rb6 39. Rc2 Rb3 40. Kf3 h5 41. Rxc4 Rxb2 42. Ra4 Rb6 43. Rxa7 Rg6 44. Ra5 Kh6 45. a4 Rg1 46. Kf2 Ra1 47. Ra6+ Kg7 48. Kg3 Ra3 49. Kh4 Rxe3 50. Kxh5 Re1 51. Kg5 Rg1+ 52. Kf5 Ra1 53. a5 Ra2 54. Ra8 Ra1 55. Ke5 Re1+ 56. Kf5 Ra1 57. Ra7 Ra2 58. Ke5 Re2+ 59. Kd5 Rf2 60. Rc7 Rxf4 61. a6 Ra4 62. a7 Kg6 63. Kc6 f6 64. Kb6 Ra1 65. Rc8 Rxa7 66. Kxa7 Kf5 67. Kb6 Ke4 68. Re8+ Kd4 69. Rf8 Ke5 70. Kc5 f5 71. Kc4 Ke4 72. Kc3 f4 73. Kd2 Kf3 74. Ke1 1-0

[Event "Dublin Irish op"]
[Site "Dublin"]
[Date "2019.04.20"]
[Round "5"]
[White "Moran, Stephen"]
[Black "Murphy, Sean1"]
[Result "1-0"]
[WhiteElo "2165"]
[BlackElo "1853"]
[PlyCount "79"]
[EventDate "2019.04.17"]
[EventType "swiss"]
[EventRounds "9"]
[EventCountry "IRL"]
[SourceTitle "CBM 189 Extra"]
[Source "ChessBase"]
[SourceDate "2019.05.31"]
[SourceVersion "1"]
[SourceVersionDate "2019.05.31"]
[SourceQuality "1"]

1. Nf3 d5 2. e3 Nf6 3. c4 c6 4. Nc3 e6 5. d4 Nbd7 6. Bd2 Bd6 7. Bd3 dxc4 8. Bxc4 b5 9. Bd3 a6 10. Ne4 Nxe4 11. Bxe4 Bb7 12. Rc1 Rc8 13. b4 0-0 14. 0-0 Qe7 15. a3 a5 16. Qb3 Kh8 17. Bc3 Nf6 18. Bd3 Nd5 19. Rb1 Nxc3 20. Qxc3 axb4 21. axb4 Ra8 22. Rb3 h5 23. e4 h4 24. e5 Bc7 25. Be4 Bb6 26. Qe3 g6 27. Qh6+ Kg8 28. Ng5 f6 29. Qxg6+ Kh8 30. Qh6+ Kg8 31. Qg6+ Kh8 32. Nxe6 Rf7 33. Qh5+ Rh7 34. Bxh7 Qxh7 35. Qxh7+ Kxh7 36. exf6 Bc8 37. Ng5+ Kg6 38. f7 Bf5 39. Re3 Bd7 40. Re7 1-0

[Event "Bunratty Masters 26th"]
[Site "Bunratty"]
[Date "2019.02.23"]
[Round "4"]
[White "Moran, Stephen"]
[Black "Byrne, Alex"]
[Result "1-0"]
[WhiteElo "2155"]
[BlackElo "1967"]
[PlyCount "115"]
[EventDate "2019.02.22"]
[EventType "swiss"]
[EventRounds "6"]
[EventCountry "IRL"]
[SourceTitle "EXT 2024"]
[Source "ChessBase"]
[SourceDate "2023.10.10"]
[SourceVersion "1"]
[SourceVersionDate "2023.10.10"]
[SourceQuality "1"]

1. d4 d6 2. e4 Nf6 3. f3 g6 4. c4 Bg7 5. Nc3 c5 6. dxc5 dxc5 7. Qxd8+ Kxd8 8. Be3 Nfd7 9. Nge2 b6 10. 0-0-0 Ba6 11. b3 e6 12. f4 Nc6 13. e5 g5 14. g3 Bb7 15. Bg2 gxf4 16. gxf4 f6 17. Rd6 Bf8 18. Bxc6 Bxd6 19. Bxb7 Rb8 20. Bc6 Nxe5 21. fxe5 Bxe5 22. Bf4 Kc7 23. Bxe5+ fxe5 24. Bg2 a6 25. Bh3 Kd6 26. Ng3 Rhg8 27. Rd1+ Ke7 28. Re1 Rg5 29. Nce4 Rg6 30. Bf1 Rd8 31. h4 h6 32. Re3 Rg4 33. h5 Rh4 34. Kc2 Rd4 35. Bd3 Rh2+ 36. Re2 Rh3 37. Rf2 Rd8 38. Kd2 Rh4 39. Ke3 Rf4 40. Bc2 Rxf2 41. Nxf2 Rg8 42. Bg6 Rd8 43. Nd3 a5 44. a4 Rd4 45. Ne4 Rd8 46. Ke2 Kf8 47. Nxe5 Kg7 48. Nd3 Rc8 49. Nf4 Rc6 50. Ke3 Kf8 51. Nc3 Ke7 52. Be4 Rc8 53. Nb5 Kf6 54. Bf3 Rd8 55. Nc7 e5 56. Ncd5+ Kf5 57. Ne7+ Kf6 58. Nfd5+ 1-0

[Event "Bunratty Masters 26th"]
[Site "Bunratty"]
[Date "2019.02.23"]
[Round "3"]
[White "O'Flaherty, Kevin"]
[Black "Moran, Stephen"]
[Result "1-0"]
[WhiteElo "1872"]
[BlackElo "2155"]
[PlyCount "66"]
[EventDate "2019.02.22"]
[EventType "swiss"]
[EventRounds "6"]
[EventCountry "IRL"]
[SourceTitle "EXT 2024"]
[Source "ChessBase"]
[SourceDate "2023.10.10"]
[SourceVersion "1"]
[SourceVersionDate "2023.10.10"]
[SourceQuality "1"]

1. d4 Nf6 2. Bf4 g6 3. e3 Bg7 4. Nd2 d6 5. Ngf3 0-0 6. Bd3 c5 7. c3 cxd4 8. exd4 e5 9. Bg5 exd4 10. Nxd4 Re8+ 11. Kf1 Nc6 12. Nxc6 bxc6 13. Ne4 d5 14. Nxf6+ Bxf6 15. Bxf6 Qxf6 16. Qd2 c5 17. h4 h5 18. Qg5 Qd6 19. Rd1 Re5 20. Qd2 Bd7 21. f4 Re7 22. Kf2 Bg4 23. Rde1 Rd8 24. Rxe7 Qxe7 25. g3 d4 26. Re1 Qd6 27. c4 Bc8 28. Re5 Bb7 29. Qa5 Qb6 30. Qxb6 axb6 31. a3 Kf8 32. f5 gxf5 33. Rxf5 Rd6 1-0

[Event "Bunratty Masters 26th"]
[Site "Bunratty"]
[Date "2019.02.22"]
[Round "1"]
[White "Short, Nigel D"]
[Black "Moran, Stephen"]
[Result "1-0"]
[WhiteElo "2648"]
[BlackElo "2155"]
[PlyCount "41"]
[EventDate "2019.02.22"]
[EventType "swiss"]
[EventRounds "6"]
[EventCountry "IRL"]
[SourceTitle "CBM 189 Extra"]
[Source "ChessBase"]
[SourceDate "2019.05.31"]
[SourceVersion "1"]
[SourceVersionDate "2019.05.31"]
[SourceQuality "1"]

1. e4 e6 2. d4 d5 3. Nc3 Nf6 4. exd5 exd5 5. Bg5 Be7 6. Qd2 0-0 7. 0-0-0 Nc6 8. f3 a6 9. h4 b5 10. Re1 Rb8 11. g4 b4 12. Na4 Na5 13. b3 Bd7 14. Nc5 Bb5 15. Ne2 Nb7 16. Nxb7 Rxb7 17. Ng3 Bd7 18. Bd3 a5 19. Rxe7 Qxe7 20. Nh5 Rb6 21. Bxf6 1-0

[Event "IRL-ch"]
[Site "Dublin"]
[Date "2018.08.08"]
[Round "5"]
[White "Delaney, Killian"]
[Black "Moran, Stephen"]
[Result "1/2-1/2"]
[WhiteElo "2206"]
[BlackElo "2155"]
[PlyCount "39"]
[EventDate "2018.08.04"]
[EventType "swiss"]
[EventRounds "9"]
[EventCountry "IRL"]
[SourceTitle "CBM 185 Extra"]
[Source "ChessBase"]
[SourceDate "2018.07.29"]
[SourceVersion "1"]
[SourceVersionDate "2018.07.29"]
[SourceQuality "1"]

1. c4 g6 2. Nc3 c5 3. Nf3 Bg7 4. e3 Nf6 5. d4 cxd4 6. exd4 d5 7. cxd5 Nxd5 8. Bc4 Nxc3 9. bxc3 Qc7 10. Qb3 0-0 11. 0-0 Nc6 12. Be2 Na5 13. Qb4 Be6 14. Bg5 Rfe8 15. Rfe1 Rac8 16. Bb5 Nc6 17. Qa3 a6 18. Ba4 b5 19. Bb3 Bxb3 20. axb3 1/2-1/2

[Event "Bunratty Masters op 25th"]
[Site "Bunratty"]
[Date "2018.02.25"]
[Round "6"]
[White "O'Gorman, Tom"]
[Black "Moran, Stephen"]
[Result "1-0"]
[WhiteElo "2150"]
[BlackElo "2127"]
[PlyCount "57"]
[EventDate "2018.02.23"]
[EventType "swiss"]
[EventRounds "6"]
[EventCountry "IRL"]
[SourceTitle "CBM 183 Extra"]
[Source "ChessBase"]
[SourceDate "2018.04.19"]
[SourceVersion "1"]
[SourceVersionDate "2018.04.19"]
[SourceQuality "1"]

1. e4 e6 2. d4 d5 3. Nd2 Nc6 4. Ngf3 Nf6 5. e5 Nd7 6. Bd3 Nb4 7. Be2 c5 8. c3 Nc6 9. Bd3 Be7 10. 0-0 a5 11. Re1 Qb6 12. dxc5 Nxc5 13. Bc2 Qc7 14. Nf1 b6 15. Ng3 Bb7 16. Nh5 0-0-0 17. Nxg7 Rhg8 18. Nh5 d4 19. cxd4 Nxd4 20. Nxd4 Rxg2+ 21. Kf1 Rxh2 22. Ng3 Bh4 23. Bf4 Bxg3 24. Bxg3 Rh1+ 25. Ke2 Ba6+ 26. Ke3 Rxe1+ 27. Qxe1 Rxd4 28. Kxd4 Nd3 29. Qc3 1-0

[Event "Bunratty Masters op 25th"]
[Site "Bunratty"]
[Date "2018.02.24"]
[Round "3"]
[White "Moran, Stephen"]
[Black "Steil Antoni, Fiona"]
[Result "0-1"]
[WhiteElo "2127"]
[BlackElo "2184"]
[PlyCount "68"]
[EventDate "2018.02.23"]
[EventType "swiss"]
[EventRounds "6"]
[EventCountry "IRL"]
[SourceTitle "CBM 183 Extra"]
[Source "ChessBase"]
[SourceDate "2018.04.19"]
[SourceVersion "1"]
[SourceVersionDate "2018.04.19"]
[SourceQuality "1"]

1. d4 d6 2. e4 Nf6 3. f3 e5 4. d5 Be7 5. Bd3 0-0 6. Ne2 c6 7. c4 Ne8 8. Nbc3 f5 9. exf5 Bxf5 10. Ng3 Bd7 11. Qc2 g6 12. Nge4 Na6 13. Bh6 Rf7 14. a3 Bh4+ 15. Ke2 Be7 16. b4 Ng7 17. g4 Rc8 18. Qd2 Nc7 19. Rhf1 a6 20. a4 Nce8 21. Be3 Nc7 22. h3 Nge8 23. a5 Nf6 24. Bb6 Qf8 25. Ng5 cxd5 26. Nxf7 Qxf7 27. Nxd5 Ncxd5 28. cxd5 Nxd5 29. Rac1 Nf4+ 30. Ke3 Rxc1 31. Rxc1 Bg5 32. Qc2 Nxd3+ 33. Kxd3 Qxf3+ 34. Kc4 Bb5# 0-1

[Event "Bunratty Masters op 25th"]
[Site "Bunratty"]
[Date "2018.02.24"]
[Round "2"]
[White "Williams, Simon Kim"]
[Black "Moran, Stephen"]
[Result "1-0"]
[WhiteElo "2453"]
[BlackElo "2127"]
[PlyCount "69"]
[EventDate "2018.02.23"]
[EventType "swiss"]
[EventRounds "6"]
[EventCountry "IRL"]
[SourceTitle "CBM 183 Extra"]
[Source "ChessBase"]
[SourceDate "2018.04.19"]
[SourceVersion "1"]
[SourceVersionDate "2018.04.19"]
[SourceQuality "1"]

1. d4 Nf6 2. c4 g6 3. Nc3 d5 4. Nf3 Bg7 5. h4 dxc4 6. e4 c5 7. d5 0-0 8. e5 Ng4 9. Bxc4 Nd7 10. h5 Ndxe5 11. Be2 c4 12. Nxe5 Nxe5 13. Be3 Bf5 14. Qd2 Nd3+ 15. Bxd3 Bxd3 16. Bh6 e6 17. Bxg7 Kxg7 18. hxg6 Bxg6 19. 0-0-0 Qf6 20. Rh3 Rad8 21. d6 Qf5 22. g4 Qxg4 23. Qh6+ Kh8 24. Rh4 Qf3 25. Rg1 Qf5 26. Ne4 Rg8 27. Qe3 e5 28. f3 Rxd6 29. Rg5 Rd3 30. Qc5 Qxf3 31. Qxe5+ f6 32. Qxf6+ Qxf6 33. Nxf6 Kg7 34. Nxg8 Kxg8 35. Rxc4 1-0

[Event "Bunratty Masters op 25th"]
[Site "Bunratty"]
[Date "2018.02.23"]
[Round "1"]
[White "Moran, Stephen"]
[Black "Baburin, Alexander"]
[Result "1/2-1/2"]
[WhiteElo "2127"]
[BlackElo "2458"]
[PlyCount "48"]
[EventDate "2018.02.23"]
[EventType "swiss"]
[EventRounds "6"]
[EventCountry "IRL"]
[SourceTitle "CBM 183 Extra"]
[Source "ChessBase"]
[SourceDate "2018.04.19"]
[SourceVersion "1"]
[SourceVersionDate "2018.04.19"]
[SourceQuality "1"]

1. d4 d5 2. c4 dxc4 3. e4 Nc6 4. Nf3 Bg4 5. Bxc4 e6 6. Bb5 Bb4+ 7. Nc3 Nge7 8. Be3 0-0 9. 0-0 f5 10. exf5 Nxf5 11. Be2 Kh8 12. Qb3 Bxf3 13. Bxf3 Nfxd4 14. Bxd4 Qxd4 15. Rad1 Qb6 16. Bxc6 Bxc3 17. Qxc3 bxc6 18. Rd7 Rf6 19. Qg3 Rg8 20. Qxc7 Qxb2 21. h3 Rff8 22. Qxa7 Ra8 23. Qc5 Rxa2 24. Qxc6 Ra1 1/2-1/2

[Event "BCF-chT3N 1718 (4NCL)"]
[Site "England"]
[Date "2017.11.12"]
[Round "2.36"]
[White "Moran, Stephen"]
[Black "Truman, Richard G"]
[Result "1/2-1/2"]
[WhiteElo "2123"]
[BlackElo "1903"]
[PlyCount "60"]
[EventDate "2017.11.11"]
[EventType "team-swiss"]
[EventRounds "11"]
[EventCountry "ENG"]
[SourceTitle "EXT 2020"]
[Source "ChessBase"]
[SourceDate "2019.10.17"]
[SourceVersion "1"]
[SourceVersionDate "2019.10.17"]
[SourceQuality "1"]
[WhiteTeam "Gonzaga"]
[BlackTeam "Ashfield Breadsall"]
[WhiteTeamCountry "IRL"]
[BlackTeamCountry "ENG"]

1. d4 Nf6 2. Nf3 g6 3. c4 Bg7 4. e3 0-0 5. Be2 c5 6. Nc3 cxd4 7. exd4 d5 8. cxd5 Nxd5 9. Qb3 Nxc3 10. bxc3 Nc6 11. 0-0 b6 12. Rd1 Na5 13. Qb4 Qc7 14. Bg5 Re8 15. Rac1 Bb7 16. c4 Ba6 17. Bf1 Rad8 18. Qa4 Qd7 19. Qxd7 Rxd7 20. c5 Bxf1 21. Kxf1 h6 22. Bd2 Rc8 23. Bxa5 bxa5 24. Ke2 Rd5 25. Rd3 e5 26. dxe5 Rdxc5 27. Rxc5 Rxc5 28. Kd2 Bxe5 29. Nxe5 Rxe5 30. Rd7 Rb5 1/2-1/2

[Event "BCF-chT3N 1718 (4NCL)"]
[Site "England"]
[Date "2017.11.11"]
[Round "1.34"]
[White "Phillips, David A"]
[Black "Moran, Stephen"]
[Result "1/2-1/2"]
[WhiteElo "1942"]
[BlackElo "2123"]
[PlyCount "65"]
[EventDate "2017.11.11"]
[EventType "team-swiss"]
[EventRounds "11"]
[EventCountry "ENG"]
[SourceTitle "EXT 2020"]
[Source "ChessBase"]
[SourceDate "2019.10.17"]
[SourceVersion "1"]
[SourceVersionDate "2019.10.17"]
[SourceQuality "1"]
[WhiteTeam "Spirit of Atticus II"]
[BlackTeam "Gonzaga"]
[WhiteTeamCountry "ENG"]
[BlackTeamCountry "IRL"]

1. e4 e6 2. c4 d5 3. exd5 exd5 4. cxd5 Nf6 5. Bb5+ Nbd7 6. Nc3 Be7 7. Nf3 0-0 8. 0-0 Nb6 9. d4 Bf5 10. Re1 a6 11. Bd3 Bxd3 12. Qxd3 Nbxd5 13. Bg5 Re8 14. Re5 Nb4 15. Qc4 b5 16. Qb3 Nc6 17. Rae1 Qd7 18. R5e2 h6 19. Bh4 g5 20. Bg3 Bd6 21. Be5 Nh7 22. Bxd6 Rxe2 23. Rxe2 Qxd6 24. Ne5 Nxe5 25. dxe5 Qe6 26. Qxe6 fxe6 27. Ne4 Rd8 28. g4 Rd5 29. Nc3 Rd4 30. Re4 Rd2 31. Re2 Rd4 32. Re4 Rd2 33. Re2 1/2-1/2